000 00744nam a2200265Ia 4500
003 OSt
005 20220918185116.0
006 a|||||r|||| 00| 0
007 ta
008 220917b |||||||| |||| 00| 0 eng d
024 _a49,582
037 _cTextual
040 _aARTS
_cARTS
_beng
041 _2eng
_aeng
082 _aP:7, M7
100 _aPetofi Janos S ed
_966900
245 0 _aText and discoure constitution
_b empirical aspects
260 _aBerlin
_bWalter de Gruyter
_c1987
300 _aviii,516p.
_ccm.
490 _aResearch in text theory untersuchungen zur texttheorie
500 _aBib 468-77p
650 _aLINGUISTICS
942 _hP:7, M7
_cTEXL
_2CC
999 _c179204
_d179204